zpět

Detail výsledku týmu

Rockle Klub, České Budějovice

Datum a čas kvízu

18 Celkem bodů Celkový počet nahraných bodů na tomto kvízu bez doplňovacích otázek.
12. Pořadí na kvízu Konečné umístění týmu na tomto kvízu.

Zaznamenané odpovědi

# Otázka Odpověď Body Výsledky
1. V pondělí byla v kapli svatého... Vratislav Mynář 0
2. Který stát, jehož premiéra vid... Švédsko 0
3. Minulý týden jsme se dozvěděli... Markéta Irglová 1
4. Česká národní banka oznámila,... 1 000 Kč 0
5. Jaromír Jágr v pátek dorovnal... Karlovy Vary 0
6. Mnemotechnická pomůcka je slov... ruštiny 0
7. Uveďte rodová jména dvou hadů,... korálovka (sedlová), korálovec (žlutavý) 0.5
8. Sám u sebe v hlavě ___ pí čísl... magického 0
9. Uveďte větu o třech slovech, k... Šetři se osle. 0
10. Co má pomoci si zapamatovat vě... struny na kytaře 0